Mathematical Methods in the physical sciences / (Record no. 12134)
[ view plain ]
| 000 -LEADER | |
|---|---|
| fixed length control field | 00679nam a2200253 a 4500 |
| 001 - CONTROL NUMBER | |
| JCCL Control Number | 12134 |
| 003 - CONTROL NUMBER IDENTIFIER | |
| JCCL marc code | BD-JhCC |
| 005 - DATE AND TIME OF LATEST TRANSACTION | |
| control field | 20220727134023.0 |
| 008 - FIXED-LENGTH DATA ELEMENTS--GENERAL INFORMATION | |
| fixed length control field | 210318b19592014ii a|||| |||| 001 0 eng d |
| 020 ## - INTERNATIONAL STANDARD BOOK NUMBER | |
| International Standard Book Number | 9788126508105 |
| 035 ## - SYSTEM CONTROL NUMBER | |
| system control number | (BD-JhCC)12134 |
| 040 ## - CATALOGING SOURCE | |
| Original cataloging agency | BD-JhCC |
| Modifying agency | BD-JhCC |
| 041 ## - LANGUAGE CODE | |
| Language code of Book | eng |
| 082 ## - DEWEY DECIMAL CLASSIFICATION NUMBER | |
| Classification number | 510.2453 |
| Author mark and Year | BOA 2011 |
| 100 ## - MAIN ENTRY--PERSONAL NAME | |
| Personal name | Boas, Mary L. |
| 245 ## - TITLE STATEMENT | |
| Title | Mathematical Methods in the physical sciences / |
| Statement of responsibility, etc | Mary L. Boas |
| 250 ## - EDITION STATEMENT | |
| Edition statement | 3rd ed. |
| 260 ## - PUBLICATION, DISTRIBUTION, ETC. (IMPRINT) | |
| Place of publication, distribution, etc | New Delhi : |
| Name of publisher, distributor, etc | Wiley, |
| Date of publication, distribution, etc | 2011 [reprint] |
| 300 ## - PHYSICAL DESCRIPTION | |
| Pagination | xvii, 839 p. : |
| Other physical details | ill. ; |
| Dimensions | 24 cm. |
| 504 ## - BIBLIOGRAPHY, ETC. NOTE | |
| Bibliography, etc | Includes index. |
| 650 ## - SUBJECT ADDED ENTRY--TOPICAL TERM | |
| Topical term or geographic name as entry element | Mathematics |
| 650 ## - SUBJECT ADDED ENTRY--TOPICAL TERM | |
| Topical term or geographic name as entry element | Mathematical physics |
| 942 ## - ADDED ENTRY ELEMENTS (KOHA) | |
| Source of classification or shelving scheme | Dewey Decimal Classification |
| Koha item type | Books |
| Koha issues (borrowed), all copies | 5 |
| Source of classification or shelving scheme | Damaged status | Not for loan | Home library | Current library | Shelving location | Date of accession | Cost, normal purchase price | Total Checkouts | Full call number | Barcode | Date last seen | Date checked out | Copy number | Koha item type |
|---|---|---|---|---|---|---|---|---|---|---|---|---|---|---|
| Dewey Decimal Classification | JCC Rouf Library | JCC Rouf Library | General Stacks | 03/18/2021 | 1545.00 | 4 | 510.2453 BOA 2011 | 16603 | 05/29/2023 | 07/26/2022 | C-1 | Books |